Antecedentes informativos sobre la labor desarrollada por la Organización de los Estados Americanos en relación con el derecho del mar. (Record no. 51359)

MARC details
000 -LEADER
fixed length control field 00987cam a22002411 4500
001 - CONTROL NUMBER
control field pa 58000023
003 - CONTROL NUMBER IDENTIFIER
control field DLC
005 - DATE AND TIME OF LATEST TRANSACTION
control field 20260227111854.0
008 - FIXED-LENGTH DATA ELEMENTS--GENERAL INFORMATION
fixed length control field 910607s1957 dcu 000 0 spa c
010 ## - LIBRARY OF CONGRESS CONTROL NUMBER
LC control number pa 58000023
035 ## - SYSTEM CONTROL NUMBER
System control number (OCoLC)23898439
040 ## - CATALOGING SOURCE
Original cataloging agency Pan American Union. Library.
Transcribing agency TxU
Modifying agency DLC
042 ## - AUTHENTICATION CODE
Authentication code premarc
043 ## - GEOGRAPHIC AREA CODE
Geographic area code n-----
050 00 - LIBRARY OF CONGRESS CALL NUMBER
Classification number KDZ351
Item number .P36 1957
110 2# - MAIN ENTRY--CORPORATE NAME
Corporate name or jurisdiction name as entry element Pan American Union.
Subordinate unit General Legal Division.
245 10 - TITLE STATEMENT
Title Antecedentes informativos sobre la labor desarrollada por la Organización de los Estados Americanos en relación con el derecho del mar.
Statement of responsibility, etc. Documento preparado [por la División Jurídica] para la Conferencia de las Naciones Unidas sobre el Derecho del Mar, Ginebra, Suiza, 1958.
260 ## - PUBLICATION, DISTRIBUTION, ETC.
Place of publication, distribution, etc. Wáshington,
Name of publisher, distributor, etc. Departamento de Asuntos Jurídicos, Unión Panamericana,
Date of publication, distribution, etc. 1957.
300 ## - PHYSICAL DESCRIPTION
Extent vi, 48 p.
Dimensions 28 cm.
500 ## - GENERAL NOTE
General note Issued also in English.
650 #0 - SUBJECT ADDED ENTRY--TOPICAL TERM
Topical term or geographic name entry element Maritime law
Geographic subdivision America.
710 2# - ADDED ENTRY--CORPORATE NAME
Corporate name or jurisdiction name as entry element Organization of American States.

No items available.

Powered by Koha